000 00729nam a22001937a 4500
999 _c176417
_d176417
005 20201222123526.0
010 _aENG-128703
020 _a978-0-19-948724-3
_c995.00
035 _aEN-112235
037 _bDBAD/PUB
082 _a305.513
100 _aNaudet, Jules
245 _aStepping into the Elite: Trajectories of social achievement in India, France, and the United States/
_bNaudet, Jules; translated from frnch by Renuka George
260 _aNew Delhi
_bOxford University Press
_c2012
270 _bNew Delhi
_e110002
_a2/11, Ground Floor, Ansari Road, Daryaganj
300 _axxi+353p.
_c22cm(hbk)
_bIncluding tables and index.
700 _aGeorge, Renuka , tr.
942 _2ddc
_cEN
_h305.513
_mNAU